000 00308nam a22001337a 4500
008 171009b xxu||||| |||| 00| 0 eng d
020 _a9780073382692
041 _aeng
080 _a159.9
100 _a49
101 _aPSI
245 _aRESEARCH METHODS IN PSYCHOLOGY
_cSHAUGHNESSY, J.J
942 _2udc
_cBK
999 _c32642
_d32642